01752cam a22002655i 45000010009000000050017000090080041000260100017000670200031000840200026001150200027001410350013001680400023001810420008002040820014002121000030002262450067002562630009003232640045003323360026003773370028004033380027004315200961004588560067014192176396820260606141905.0201021s2020 cau 000 0 eng  a 2020948612 a9789353886868q(paperback) z9789353886875q(epub) z9789353886882q(ebook) a21763968 aDLCbengerdacDLC apcc a332.109541 aSabnavis, Madan,eauthor.10aHits and misses :bthe Indian banking story /cMadan Sabnavis. a2011 1aThousand Oaks :bSAGE Publishing,c2020. atextbtxt2rdacontent aunmediatedbn2rdamedia avolumebnc2rdacarrier a"Do you often wonder-'Is my money safe in banks?' India is grappling with its worst banking crisis ever, and we are still trying to figure out what landed us here. This book analyses the role of the government and RBI in allowing the problem to reach the dimension it has assumed today. When will the never-ending NPA issue be resolved? Does it make sense to merge two PSBs when the culture and governance structures are alike? Should the RBI reserves be used in times of crisis? Should the tenure of a CEO be long or short? The book ponders and debates on some of these questions. Hits and Misses presents the two sides of the Indian banking story by giving an account of the reforms as well as quandaries in times of extraordinary economic and political challenges. The book answers many relevant questions by highlighting the highs and lows of the banking sector, which became subjects of debate in media and financial circles"--cProvided by publisher. uhttps://sk.sagepub.com/books/hits-and-missesyRead SAGE E-Book